Kêu gào tự do

שמור ב:
מידע ביבליוגרפי
מחבר ראשי: Briley, John
פורמט: ספר
שפה:Undetermined
יצא לאור: Thành phố Hồ Chí Minh Văn Nghệ 1999
נושאים:
תגים: הוספת תג
אין תגיות, היה/י הראשונ/ה לתייג את הרשומה!
Thư viện lưu trữ: Trung tâm Học liệu Trường Đại học Cần Thơ
LEADER 00571nam a2200193Ia 4500
001 CTU_37476
008 210402s9999 xx 000 0 und d
020 |c 12000 
082 |a 896 
082 |b B857 
100 |a Briley, John 
245 0 |a Kêu gào tự do 
245 0 |c John Briley ; Huỳnh Kim Oanh (dịch) 
260 |a Thành phố Hồ Chí Minh 
260 |b Văn Nghệ 
260 |c 1999 
650 |a African literature,Văn học châu Phi 
904 |i Quang Hiếu (sửa) 
980 |a Trung tâm Học liệu Trường Đại học Cần Thơ